000 02201nam a22003857a 4500
005 20080612154650.0
006 a|||||r|||||00| 1
007 ta
008 080611t xxu||||| |||| 00| 0 eng d
010 _aB-262634-644
020 _a1405416702
_c295.00
035 _aB-262634-644
040 _aDPL
_bEN
082 _aS / CAR
100 _aCarroll, Lewis
245 _aAlice in wonderland /
_cby Lewis Carroll; illustrated by June Goulding
260 _bParragon Book
_c2007
_aBath
260 _bSuper Book
_aDelhi
270 _aQueen Street House, 4, Queen Street
_bBath
300 _a287p.:
_c25 cm (Hb)
_bcol. ill.
500 _aThe nursery collection
700 _aGoulding, June
942 _cCH
_hS / CAR
_2ddc
999 _c13579
_d13579